1.FC Union Berlin Squad 2020-2021 - Statistics

General Stats
  • This quiz has been taken 15 times
    12 since last reset
  • The average score is 8 of 30
Answer Stats
# Position Nation Player % Correct
28 DF Austria Christopher Trimmel
67%
1 GK Germany Andreas Luthe
50%
20 GK Germany Loris Karius
50%
10 FW Germany Max Kruse
50%
27 FW Netherlands Sheraldo Becker
50%
9 FW Finland Joel Pohjanpalo
42%
- Coach Switzerland Urs Fischer
42%
11 FW Nigeria Anthony Ujah
33%
21 MF Germany Grischa Prömel
33%
32 FW Denmark Marcus Ingvartsen
33%
5 DF Germany Marvin Friedrich
33%
30 MF Germany Robert Andrich
33%
25 DF Germany Christopher Lenz
25%
6 DF Norway Julian Ryerson
25%
35 GK Germany Lennart Moser
25%
15 FW Germany Marius Bülter
25%
4 DF Germany Nico Schlotterbeck
25%
24 FW Croatia Petar Musa
25%
31 DF Germany Robin Knoche
25%
7 FW Germany Akaki Gogia
17%
34 MF Germany Christian Gentner
17%
19 DF Germany Florian Hübner
17%
12 GK Denmark Jakob Busk
17%
18 FW Japan Keita Endō
17%
36 FW Germany Cedric Teuchert
8%
8 FW Germany Leon Dajaku
8%
23 DF Germany Niko Gießelmann
8%
33 MF Germany Sebastian Griesbeck
8%
14 FW Nigeria Taiwo Awoniyi
8%
16 FW Germany Tim Maciejewski
8%
No matching quizzes found
Score Distribution
Percent of People with Each Score
Percentile by Number Answered
Your Score History
You have not taken this quiz since the last reset